[Event "RUS-chT U14"]
[Site "Sochi"]
[Date "2016.05.08"]
[Round "7.4"]
[White "Babunov, Alexander"]
[Black "Vetokhin, Ilia"]
[Result "1-0"]
[WhiteElo "1780"]
[BlackElo "1799"]
[PlyCount "113"]
[EventDate "2016.05.01"]
[EventType "team-tourn"]
[EventRounds "9"]
[EventCountry "RUS"]
[SourceTitle "EXT 2018"]
[Source "ChessBase"]
[SourceDate "2017.10.13"]
[SourceVersion "1"]
[SourceVersionDate "2017.10.13"]
[SourceQuality "1"]

1. d4 Nf6 2. c4 g6 3. Nc3 Bg7 4. e4 d6 5. Nge2 0-0 6. Ng3 h5 7. h4 Nc6 8. d5 Ne5 9. Be2 c6 10. Bf4 Nfd7 11. Qd2 a6 12. Bh6 Nf6 13. Bf4 Nfd7 14. Be3 Nf6 15. Bd4 c5 16. Bxe5 dxe5 17. 0-0-0 Qd6 18. Nf1 Bd7 19. Ne3 b5 20. Bd3 Bh6 21. Rhf1 b4 22. Ne2 Ng4 23. Kb1 Nxe3 24. fxe3 Bg4 25. Rde1 Rad8 26. Nc1 Qd7 27. Be2 Rc8 28. Nd3 Bg7 29. Nf2 Bxe2 30. Qxe2 f5 31. exf5 Qxf5+ 32. e4 Qd7 33. g4 hxg4 34. Nxg4 Rxf1 35. Rxf1 Rf8 36. Rxf8+ Kxf8 37. Qf3+ Kg8 38. Ne3 Qc8 39. h5 gxh5 40. Qxh5 Qf8 41. Nf5 Qf7 42. Qg5 Kf8 43. Qg1 Bf6 44. Qxc5 Qh5 45. Kc2 Qe2+ 46. Kb3 Qxe4 47. Qc8+ Kf7 48. Qe6+ Kf8 49. d6 Qd3+ 50. Ka4 Ke8 51. Nxe7 Qb1 52. Ka5 b3 53. Nd5+ Kd8 54. Qxf6+ Kc8 55. d7+ Kb7 56. Qb6+ Ka8 57. Nc7# 1-0